Huckleberry Finn
| Main Author: | |
|---|---|
| Format: | Book |
| Language: | English |
| Published: |
Singapore :
Regents Publishing Company
|
| Subjects: |
MARC
| LEADER | 00000cam a2200000 7i4500 | ||
|---|---|---|---|
| 001 | 0000115995 | ||
| 005 | 20151214.0 | ||
| 008 | 151214 eng | ||
| 020 | |a 0883454645 | ||
| 090 | 0 | 0 | |a JF REG |
| 100 | 1 | |a Twain Mark | |
| 245 | 1 | 0 | |a Huckleberry Finn |c Mark Twain |
| 260 | |a Singapore : |b Regents Publishing Company | ||
| 300 | |a 62p. : |b ill. ; |c 20 cm. | ||
| 650 | 0 | 0 | |a Junior Fiksyen |
| 999 | |a 0000339046 |b Buku |c Koleksi Pinjaman Kanak-Kanak |e Perpustakaan Cawangan Jasin | ||
| 999 | |a 0000339374 |b Buku |c Rak Terbuka |e Perpustakaan Cawangan Jasin | ||